000 00729nam a22002297a 4500
005 20160719145921.0
008 140428b xxu||||| |||| 00| 0 eng d
020 _a9789380905532
_c495
040 _aLoreto College
041 _aEnglish
082 _a822.33ID
_b MAC-DRE
245 _aWilliam Shakespeare's Macbeth
_cEdited with an introduction by Boris Drenkov
260 _aLondon
_bROMAN Books
_c2013
300 _a128p
_b22 cm
440 _aROMAN Critical Contexts
504 _aIncludes bibliographical references
600 _aShakespeare, William
_d1564-1616
_xcriticism and interpretation
650 _aMacbeth
_xCriticism and interpretation
700 _4ed.
_aDrenkov, Boris
850 _aLCLIB
_bPG
942 _cBK
999 _c39171
_d89650